000 00407nab a2200145Ia 4500
003 ES-SlBCS
005 20210601125141.0
008 140529s2004 xxu||||| |||| 00| 0 eng d
041 _aeng
100 1 _aKopania, Jerzy
_9154537
245 0 0 _aOn an Immoral Aspect of Transplantation
_c Jerzy Kopania
650 0 4 _aTrasplante
_9154536
773 0 _tParerga
_gnº. 1, 2004, págs. 91-106
_wRev1522
942 _cAR
999 _c525567
_d525567